Emissions TV - Statistiques

Statistiques générales
  • Ce quiz a été pris 932 fois
  • Le résultat moyen est 11 sur 30
Statistiques - réponses
Hint Réponse % Correct
Chansons, Maestro, Cruella N'oubliez pas les paroles !
84%
Maëlle, Kendji Girac, Slimane The Voice : La Plus Belle Voix
81%
Mayo, Ketchup, Miams Burger Quiz
79%
Plage, poteaux, conseil Koh-Lanta
78%
Polémiques, Valérie Bénaïm, Baba Touche pas à mon poste !
70%
Éric Antoine, Marina Kaye, Golden-buzzer La France a un incroyable talent
64%
Fred, Marcel, Sabine C'est pas sorcier
62%
Drapeau noir, amulettes, binômes Pékin Express
60%
Zette, étoile, Bruno Les Douze Coups de midi
56%
Villes, vachettes, arène Intervilles
53%
"guerre des restos", trompe-l'œil, Camille Delcroix Top Chef
53%
Château, bus, primes Star Academy
51%
Arthur, bébé, France 2 Les Enfants de la télé
50%
Christophe Hondelatte, affaire Grégory, Dominique Rizet Faites entrer l'accusé
32%
Frédéric Lopez, Éthiopie, Colombie Rendez-vous en terre inconnue
30%
Chemise rouge, globe-trotter, caméras J'irai dormir chez vous
27%
Patrick Poivre d'Arvor, Jacques Chirac, Canal+ Les Guignols de l'info
27%
Julien Bellver, "Morning Glory", "Transpi" Quotidien
27%
Élise Lucet, Panama Papers, Lidl Cash Investigation
18%
Table, Patrick Cohen, "L’œil de Pierre" C à vous
14%
Fauteuils rouges, Gérard Depardieu, Cyril Hanouna Complément d'enquête
13%
"Don't Stop Me Now", Thomas Sotto, 4V Télématin
12%
Laurent Karila, témoignages, France 2 Ça commence aujourd'hui
8%
Christophe Dechavanne, "Bloc notes", débats Ciel, mon mardi !
8%
Littérature, Rachmaninov, Bernard Pivot Apostrophes
7%
Philippe Gildas, "Didier l'Embrouille", "Le Cinéma de Jamel" Nulle part ailleurs
7%
France, Allemagne, Arte Karambolage
6%
Olivier Ménard, Earth Wind & Fire, "l'Extra-Time" L'Équipe Du Soir
6%
Coco, Vaness, Josy Les Minikeums
5%
John-Bob, Pyramide, parodie Kamoulox
2%
Aucun quiz correspondant
Distribution des résultats
% des personnes avec chaque résultat
Percentile par nombre de réponses
Votre historique - résultats
Vous n’avez pas pris ce quiz